[Event "Politiken Cup 2007"]
[Site "Helsingor"]
[Date "2007.07.25"]
[Round "6.109"]
[White "Lubbers, Johan"]
[Black "Johansen, Stian"]
[Result "1-0"]
[WhiteElo "2077"]
[BlackElo "1000"]
[PlyCount "107"]
[EventDate "2007.??.??"]

1. d4 Nf6 2. c4 g6 3. Nc3 d5 4. cxd5 Nxd5 5. e4 Nxc3 6. bxc3 Bg7 7. Bc4 c5 8.
Ne2 O-O 9. Be3 cxd4 10. cxd4 Nc6 11. Rc1 e6 12. O-O a6 13. Qd2 Qd7 14. Rfd1 b5
15. Bb3 Bb7 16. Bh6 Rfd8 17. Bxg7 Kxg7 18. Qb2 Kg8 19. f3 Ne7 20. Kf2 Rac8 21.
g3 Rxc1 22. Nxc1 Qc7 23. Ne2 Rc8 24. Rc1 Qd7 25. Rxc8+ Qxc8 26. Qc1 Qc6 27. Ke3
Kf8 28. Qxc6 Nxc6 29. d5 Na5 30. dxe6 Nxb3 31. axb3 fxe6 32. b4 Ke7 33. Kd4 Kd6
34. f4 h5 35. Nc1 Kc7 36. Nd3 Kb6 37. Nc5 Bc8 38. Nb3 Bb7 39. Ke5 Ba8 40. h3
Bc6 41. g4 h4 42. Na5 Bd7 43. f5 exf5 44. exf5 gxf5 45. gxf5 Be8 46. Kd6 Bh5
47. f6 Bg6 48. Nb3 Bf7 49. Na5 Bh5 50. Ke7 Kc7 51. f7 Bxf7 52. Kxf7 Kd6 53. Kf6
Kd5 54. Kg5 1-0

[Event "Politiken Cup 2007"]
[Site "Helsingor"]
[Date "2007.07.25"]
[Round "6.110"]
[White "Meier, Lars"]
[Black "Markgraf, Claudia"]
[Result "0-1"]
[WhiteElo "1744"]
[BlackElo "2049"]
[PlyCount "116"]
[EventDate "2007.??.??"]

1. e4 Nf6 2. Nc3 d5 3. e5 d4 4. exf6 dxc3 5. fxg7 cxd2+ 6. Qxd2 Qxd2+ 7. Bxd2
Bxg7 8. O-O-O a6 9. Bc4 Nc6 10. Ne2 Bf5 11. Bc3 Rg8 12. Bxg7 Rxg7 13. Ng3 Bd7
14. Rhg1 Ne5 15. Be2 O-O-O 16. Rd5 Nc6 17. a3 e6 18. Rd2 Ne5 19. Rgd1 f5 20. f4
Nf7 21. Bc4 Nd6 22. Bb3 Rg6 23. Re1 Re8 24. Rde2 Kd8 25. c4 b6 26. Ba2 a5 27.
b4 Nb7 28. Nf1 c5 29. b5 Reg8 30. g3 h5 31. Rd1 Kc7 32. Nd2 h4 33. Nf3 hxg3 34.
Ne5 R6g7 35. Nxd7 Rxd7 36. hxg3 Rxg3 37. Rxe6 Rxd1+ 38. Kxd1 Nd6 39. Kc2 Rxa3
40. Kb2 Rf3 41. Rh6 Rxf4 42. Rh7+ Kd8 43. Rh6 Rd4 44. Bb1 Nxc4+ 45. Kc3 Nd6 46.
Bd3 f4 47. Rh8+ Kd7 48. Rh7+ Ke6 49. Rh6+ Ke5 50. Rh5+ Kf6 51. Rh6+ Kg5 52.
Rg6+ Kh5 53. Re6 Kg4 54. Rg6+ Kf3 55. Rh6 Kf2 56. Rh2+ Kg1 57. Rh3 Ne4+ 58. Kc2
Nf2 0-1

[Event "Politiken Cup 2007"]
[Site "Helsingor"]
[Date "2007.07.25"]
[Round "6.112"]
[White "Almer, Julia"]
[Black "Palvig, David Kinch"]
[Result "1-0"]
[WhiteElo "1932"]
[BlackElo "1741"]
[PlyCount "47"]
[EventDate "2007.??.??"]

1. e4 c6 2. d4 d5 3. Nc3 dxe4 4. Nxe4 Bf5 5. Ng3 Bg6 6. h4 h6 7. Nf3 Nd7 8. h5
Bh7 9. Bd3 Bxd3 10. Qxd3 Ngf6 11. Bd2 e6 12. O-O-O Qc7 13. Ne4 O-O-O 14. g3 c5
15. Bf4 Qc6 16. Nxf6 Nxf6 17. Ne5 Qe8 18. Qa3 Rxd4 19. Rxd4 cxd4 20. Qxa7 Bd6
21. Qxd4 Bxe5 22. Qxe5 Qc6 23. Qb8+ Kd7 24. Rd1+ 1-0

[Event "Politiken Cup 2007"]
[Site "Helsingor"]
[Date "2007.07.25"]
[Round "6.113"]
[White "Pieri, Enzo"]
[Black "Eiholt, Bjarne"]
[Result "0-1"]
[WhiteElo "1909"]
[BlackElo "1647"]
[PlyCount "94"]
[EventDate "2007.??.??"]

1. e4 c6 2. d4 d5 3. Nc3 dxe4 4. Nxe4 Bf5 5. Ng3 Bg6 6. Nf3 Nd7 7. Nh4 Ngf6 8.
Nxg6 hxg6 9. Bc4 e6 10. c3 Bd6 11. O-O Qc7 12. a4 Ne4 13. Qf3 Ndf6 14. Bd3 Nxg3
15. fxg3 O-O-O 16. c4 Qd7 17. Be3 Rh5 18. a5 a6 19. c5 Bxc5 20. Bxa6 Ba7 21.
Be2 Rf5 22. Bf4 e5 23. a6 b5 24. Bxb5 Qd5 25. Qxd5 Nxd5 26. Bxc6 exf4 27. g4
Rf6 28. Rfc1 Kb8 29. Ra5 Nc7 30. Kf1 Rxd4 31. Bb7 Rd2 32. b4 Rf2+ 33. Ke1 Re6+
34. Kd1 Rd6+ 35. Ke1 Rb2 36. b5 Re6+ 37. Kd1 Rf2 38. Rca1 Rd6+ 39. Ke1 Rb2 40.
R5a4 Rxb5 41. Rc4 Re6+ 42. Kd1 Re7 43. Rc3 Rb6 44. Rca3 Rd6+ 45. Kc2 Re2+ 46.
Kb3 Re3+ 47. Ka4 Nxa6 0-1

[Event "Politiken Cup 2007"]
[Site "Helsingor"]
[Date "2007.07.25"]
[Round "6.114"]
[White "Svane, Rasmus"]
[Black "Hansen, Henrik Damgaard"]
[Result "1-0"]
[WhiteElo "1617"]
[BlackElo "1904"]
[PlyCount "45"]
[EventDate "2007.??.??"]

1. e4 d5 2. exd5 Nf6 3. d4 Bg4 4. Be2 Bxe2 5. Qxe2 Qxd5 6. Nf3 e6 7. Bg5 Be7 8.
Nc3 Qf5 9. O-O O-O 10. d5 Nxd5 11. Nxd5 Bxg5 12. Nxc7 Bf4 13. Nxa8 Nc6 14. Rfd1
Rxa8 15. Rd7 Rb8 16. Rad1 h6 17. Nd4 Nxd4 18. R7xd4 Be5 19. Rd8+ Rxd8 20. Rxd8+
Kh7 21. c3 Qf4 22. g3 Qg5 23. Rd7 1-0

[Event "Politiken Cup 2007"]
[Site "Helsingor"]
[Date "2007.07.25"]
[Round "6.115"]
[White "Mæchel, Michael"]
[Black "Rasmussen, Henning"]
[Result "1/2-1/2"]
[WhiteElo "1605"]
[BlackElo "1902"]
[PlyCount "45"]
[EventDate "2007.??.??"]

1. e4 c5 2. Nf3 Nc6 3. d4 cxd4 4. Nxd4 Nf6 5. Nc3 e5 6. Nf5 d5 7. Ng3 d4 8. Nb1
Be6 9. Be2 Be7 10. O-O Qb6 11. a4 Rc8 12. b3 O-O 13. Ba3 Bxa3 14. Nxa3 a6 15.
Bc4 Bxc4 16. Nxc4 Qc5 17. a5 Nd7 18. Qg4 Nf6 19. Qe2 Ne7 20. h4 Ng6 21. Nf5 Nf4
22. Qf3 Rc6 23. g4 1/2-1/2

[Event "Politiken Cup 2007"]
[Site "Helsingor"]
[Date "2007.07.25"]
[Round "6.116"]
[White "Christensen, Christoffer E"]
[Black "Sigurdsson, Pall"]
[Result "0-1"]
[WhiteElo "1581"]
[BlackElo "1893"]
[PlyCount "70"]
[EventDate "2007.??.??"]

1. d4 Nf6 2. Nf3 g6 3. Bf4 Bg7 4. h3 O-O 5. e3 d6 6. c3 Nbd7 7. Nbd2 Nh5 8. Bh2
e5 9. g4 Nhf6 10. dxe5 dxe5 11. Nxe5 Nxe5 12. Bxe5 Qd5 13. Nf3 c6 14. Qxd5 Nxd5
15. Bxg7 Kxg7 16. O-O-O a5 17. Be2 a4 18. a3 Nf6 19. Nd4 Ne4 20. Rhf1 c5 21.
Nc2 Be6 22. Bf3 f5 23. Bxe4 fxe4 24. Rd2 Rf3 25. Rh1 Raf8 26. Rh2 b5 27. Kd1
Bb3 28. Kc1 R3f7 29. h4 h6 30. g5 Bc4 31. Ne1 b4 32. cxb4 cxb4 33. Rd4 Rc7 34.
Kb1 Rfc8 35. Rh1 Ba2+ 0-1

[Event "Politiken Cup 2007"]
[Site "Helsingor"]
[Date "2007.07.25"]
[Round "6.117"]
[White "Pijlman, Rene"]
[Black "Pallesen, Jørn"]
[Result "1-0"]
[WhiteElo "1854"]
[BlackElo "1462"]
[PlyCount "37"]
[EventDate "2007.??.??"]

1. e4 c5 2. Nc3 g6 3. f4 Bg7 4. Nf3 Nc6 5. Bb5 Nd4 6. O-O Nxb5 7. Nxb5 d6 8.
Nc3 Nf6 9. d3 O-O 10. Qe1 Ne8 11. f5 gxf5 12. Qh4 Nf6 13. Bh6 Bxh6 14. Qxh6 Kh8
15. Ng5 e6 16. Rf3 Bd7 17. Rg3 Qe7 18. Nxh7 Ng4 19. Rxg4 1-0

[Event "Politiken Cup 2007"]
[Site "Helsingor"]
[Date "2007.07.25"]
[Round "6.118"]
[White "Thorsteinsdottir, Hallgerdur"]
[Black "van Veelen, Jouke"]
[Result "1/2-1/2"]
[WhiteElo "1808"]
[BlackElo "1565"]
[PlyCount "63"]
[EventDate "2007.??.??"]

1. e4 c6 2. d4 d5 3. Nc3 dxe4 4. Nxe4 Bf5 5. Ng3 Bg6 6. h4 h6 7. Nf3 Nd7 8. h5
Bh7 9. Bd3 Bxd3 10. Qxd3 Ngf6 11. Bd2 Qc7 12. O-O-O e6 13. Kb1 O-O-O 14. Ne4
Nxe4 15. Qxe4 Nf6 16. Qe5 Bd6 17. Qa5 Kb8 18. Qxc7+ Bxc7 19. c4 Rhe8 20. Kc2
Ng4 21. Be3 e5 22. Rhe1 Nxe3+ 23. Rxe3 exd4 24. Rxe8 Rxe8 25. Rxd4 Bb6 26. Rd2
Ba5 27. Rd7 Re2+ 28. Kb3 Rxf2 29. Rxf7 Rxg2 30. Nd4 a6 31. Ne6 b5 32. cxb5
1/2-1/2

[Event "Politiken Cup 2007"]
[Site "Helsingor"]
[Date "2007.07.25"]
[Round "6.119"]
[White "Olafsson, Olafur Senior"]
[Black "Persson, Borje"]
[Result "0-1"]
[WhiteElo "1500"]
[BlackElo "1804"]
[PlyCount "72"]
[EventDate "2007.??.??"]

1. d4 Nf6 2. c4 e6 3. Nc3 Bb4 4. Bd2 O-O 5. a3 Be7 6. Nf3 b6 7. g3 Bb7 8. Bg2
d6 9. O-O Nbd7 10. Bg5 h6 11. Be3 a5 12. Qd2 Re8 13. Nh4 Bxg2 14. Kxg2 Ng4 15.
Nf3 Nxe3+ 16. Qxe3 Bf8 17. Qe4 e5 18. Qc6 exd4 19. Nxd4 g6 20. Ncb5 Rc8 21. b4
Ne5 22. Qb7 Nxc4 23. Rac1 d5 24. Rfd1 axb4 25. Ne6 fxe6 26. Rxc4 bxa3 27. Rxc7
Rxc7 28. Nxc7 Re7 29. Nxe6 Rxb7 30. Nxd8 Ra7 31. Ne6 Bg7 32. Nxg7 Kxg7 33. Ra1
b5 34. Kf3 b4 35. Ke3 b3 36. Kd2 b2 0-1

[Event "Politiken Cup 2007"]
[Site "Helsingor"]
[Date "2007.07.25"]
[Round "6.120"]
[White "Ryberg, Denis"]
[Black "Nilsson, Ulf"]
[Result "0-1"]
[WhiteElo "1410"]
[BlackElo "1800"]
[PlyCount "88"]
[EventDate "2007.??.??"]

1. e4 c6 2. d4 d5 3. e5 Bf5 4. g4 Be4 5. f3 Bg6 6. h4 h5 7. Bd3 Bxd3 8. Qxd3 e6
9. Ne2 hxg4 10. Bg5 Be7 11. f4 Nh6 12. Bxe7 Qxe7 13. h5 Nf5 14. Nbc3 Nd7 15.
O-O-O O-O-O 16. Rdg1 Rh6 17. Rxg4 Rdh8 18. Ng3 Nxg3 19. Qxg3 g6 20. Rg5 Qb4 21.
Qg1 c5 22. a3 Qc4 23. Qf2 cxd4 24. Nd1 Nc5 25. Kb1 Ne4 26. Qg1 Nxg5 27. Qxg5
Rxh5 28. Rxh5 Rxh5 29. Qe7 b6 30. Qe8+ Kb7 31. Qxf7+ Ka6 32. Qxg6 Rh1 33. b3
Rxd1+ 34. Ka2 Qc3 35. Qd3+ Rxd3 36. cxd3 Qxd3 37. f5 Qxf5 38. a4 d3 39. a5 d2
40. b4 d1=Q 41. b5+ Kxa5 42. Ka3 Qfd3+ 43. Kb2 Q1c2+ 44. Ka1 Qa3# 0-1

[Event "Politiken Cup 2007"]
[Site "Helsingor"]
[Date "2007.07.25"]
[Round "6.121"]
[White "Larsen, Bror Johannes"]
[Black "Szalai, Janos"]
[Result "0-1"]
[WhiteElo "1048"]
[BlackElo "1784"]
[PlyCount "52"]
[EventDate "2007.??.??"]

1. e4 e6 2. d4 d5 3. Nc3 Bb4 4. e5 c5 5. a3 Ba5 6. Qg4 Ne7 7. Nf3 cxd4 8. Nxd4
Qc7 9. Qg3 Nbc6 10. Bb5 Bd7 11. Bxc6 bxc6 12. O-O O-O 13. b4 Bb6 14. Be3 c5 15.
Nde2 Nf5 16. Qf4 Nxe3 17. fxe3 cxb4 18. axb4 f6 19. exf6 Qxf4 20. Nxf4 Bxe3+
21. Kh1 Rxf6 22. Nfe2 Rxf1+ 23. Rxf1 Rf8 24. Rxf8+ Kxf8 25. g3 d4 26. Nd1 Bc6#
0-1

[Event "Politiken Cup 2007"]
[Site "Helsingor"]
[Date "2007.07.25"]
[Round "6.122"]
[White "Svendsen, Peter"]
[Black "Hlynsson, Hugi"]
[Result "1-0"]
[WhiteElo "2015"]
[BlackElo "1560"]
[PlyCount "85"]
[EventDate "2007.??.??"]

1. d4 f5 2. g3 Nf6 3. Bg2 e6 4. c4 d5 5. Nc3 c6 6. Nf3 Bd6 7. O-O O-O 8. b3 Qe8
9. a4 a5 10. Ba3 Bxa3 11. Rxa3 Na6 12. Ne5 Nb4 13. Ra1 Qh5 14. Rc1 Ng4 15. Nxg4
Qxg4 16. e3 Qxd1 17. Rfxd1 Bd7 18. Rd2 Rac8 19. Na2 Ra8 20. Bf1 h6 21. Nxb4
axb4 22. c5 Ra7 23. Ra2 Rfa8 24. Rca1 Kf7 25. a5 Bc8 26. Ra4 Ke7 27. Kg2 Kf6
28. h4 g5 29. hxg5+ hxg5 30. Rxb4 Rxa5 31. Rxa5 Rxa5 32. Rb6 Ra7 33. b4 Bd7 34.
b5 Ke7 35. bxc6 bxc6 36. Ba6 Kd8 37. Kf3 g4+ 38. Kf4 Kc7 39. Ke5 Ra8 40. Rb7+
Kc8 41. Ra7+ Kb8 42. Rxa8+ Kxa8 43. Kd6 1-0

[Event "Politiken Cup 2007"]
[Site "Helsingor"]
[Date "2007.07.25"]
[Round "6.123"]
[White "Nielsen, Poul Bang"]
[Black "Werner, Gert"]
[Result "0-1"]
[WhiteElo "1506"]
[BlackElo "2003"]
[PlyCount "32"]
[EventDate "2007.??.??"]

1. d3 g6 2. g3 Bg7 3. Bg2 e5 4. e3 Nc6 5. Ne2 d6 6. O-O Nh6 7. c3 O-O 8. Na3
Bf5 9. Nc2 Qd7 10. Re1 Bh3 11. d4 Bxg2 12. Kxg2 Rae8 13. d5 Ne7 14. e4 f5 15.
Ng1 f4 16. Nh3 f3+ 0-1

[Event "Politiken Cup 2007"]
[Site "Helsingor"]
[Date "2007.07.25"]
[Round "6.124"]
[White "Lynge, Torben"]
[Black "Clausen, Jørgen"]
[Result "0-1"]
[WhiteElo "1920"]
[BlackElo "1543"]
[PlyCount "84"]
[EventDate "2007.??.??"]

1. d4 d5 2. c4 e6 3. Nc3 c6 4. cxd5 exd5 5. Nf3 Nf6 6. Bg5 Be7 7. e3 Bf5 8. Rc1
Nbd7 9. Bd3 Bg6 10. O-O O-O 11. Bxg6 fxg6 12. a3 Nb6 13. a4 Nc4 14. b3 Nd6 15.
Ne5 Nfe4 16. Bxe7 Qxe7 17. f3 Nf6 18. Qe2 Nf7 19. Nd3 Rfe8 20. Rfe1 a6 21. b4
Nd6 22. Qa2 Nc4 23. e4 Qd8 24. e5 Nd7 25. a5 b6 26. axb6 Qxb6 27. Ne2 Ndxe5 28.
Nxe5 Rxe5 29. Kh1 Ree8 30. Qb1 Reb8 31. Qd3 Qxb4 32. Nf4 Re8 33. Red1 a5 34.
Rb1 Qd6 35. Ne2 Re3 36. Qc2 Na3 37. Qd2 Rae8 38. Ng3 Nxb1 39. Rxb1 a4 40. Ne4
Qf4 41. Qc2 dxe4 42. Qc4+ Qf7 0-1

[Event "Politiken Cup 2007"]
[Site "Helsingor"]
[Date "2007.07.25"]
[Round "6.125"]
[White "Tudvad, Mads"]
[Black "Hrafnkelsson, Gisli"]
[Result "1-0"]
[WhiteElo "1873"]
[BlackElo "1505"]
[PlyCount "111"]
[EventDate "2007.??.??"]

1. d4 Nf6 2. Nf3 e6 3. Bf4 d5 4. e3 c5 5. c3 Nc6 6. Nbd2 c4 7. Qc2 a6 8. e4 Be7
9. h3 dxe4 10. Nxe4 b5 11. Nxf6+ Bxf6 12. Be2 Bb7 13. O-O O-O 14. Rad1 Ne7 15.
Ne5 Nd5 16. Bh2 Bxe5 17. dxe5 Qg5 18. Bf3 Nb4 19. Qe2 Bxf3 20. Qxf3 Nd3 21. Qe2
Qe7 22. a3 Qc7 23. f4 Qc5+ 24. Kh1 a5 25. Bg1 Qc6 26. Bd4 b4 27. axb4 axb4 28.
cxb4 Nxb4 29. Rc1 Rfc8 30. b3 Ra2 31. Qf3 Qxf3 32. Rxf3 Nc2 33. Bg1 cxb3 34.
Rxb3 h6 35. Bd4 Kh7 36. Bc3 Nd4 37. Rb2 Rxb2 38. Bxb2 Rxc1+ 39. Bxc1 h5 40. Be3
Nc6 41. Bc5 Kg6 42. g4 hxg4 43. hxg4 f6 44. exf6 gxf6 45. Kg2 e5 46. f5+ Kf7
47. Kf3 Ke8 48. Ke4 Kd7 49. Kf3 Nd8 50. Kg3 Nf7 51. Kh4 Ng5 52. Kh5 Ke8 53. Kg6
Ne4 54. Bb4 Nf2 55. g5 fxg5 56. f6 1-0

[Event "Politiken Cup 2007"]
[Site "Helsingor"]
[Date "2007.07.25"]
[Round "6.126"]
[White "Gade, Jens"]
[Black "Minguez Greciano, Iluminada"]
[Result "0-1"]
[WhiteElo "1462"]
[BlackElo "1861"]
[PlyCount "84"]
[EventDate "2007.??.??"]

1. f4 d5 2. Nf3 Nf6 3. e3 Bg4 4. Be2 Nbd7 5. O-O c6 6. h3 Bxf3 7. Bxf3 e5 8.
fxe5 Nxe5 9. b3 Qc7 10. Bb2 Bd6 11. d3 O-O-O 12. Nd2 h5 13. Qe2 Rde8 14. d4
Nxf3+ 15. Qxf3 Re7 16. c4 Qd7 17. cxd5 cxd5 18. a4 Rhe8 19. Rfe1 Kb8 20. Ba3
Bxa3 21. Rxa3 Qd6 22. Raa1 g5 23. Nf1 g4 24. hxg4 hxg4 25. Qf5 g3 26. Rac1 Ne4
27. Rc2 Rh8 28. Rec1 Ree8 29. Qxf7 Ref8 30. Qc7+ Qxc7 31. Rxc7 Rh5 32. Rg7 Rfh8
33. Nxg3 Nxg3 34. Kf2 Ne4+ 35. Ke2 Rc8 36. Rxc8+ Kxc8 37. a5 a6 38. b4 Rg5 39.
Rxg5 Nxg5 40. Kd2 Kd7 41. Kc3 Kc6 42. g3 Ne4+ 0-1

[Event "Politiken Cup 2007"]
[Site "Helsingor"]
[Date "2007.07.25"]
[Round "6.127"]
[White "Almasy, Alexander"]
[Black "Hinman, Chris"]
[Result "1-0"]
[WhiteElo "1752"]
[BlackElo "1478"]
[PlyCount "73"]
[EventDate "2007.??.??"]

1. d4 Nf6 2. c4 g6 3. Nc3 Bg7 4. e4 d6 5. Be2 O-O 6. Nf3 e5 7. O-O Nc6 8. d5
Ne7 9. Nd2 a5 10. Rb1 Ne8 11. a3 f5 12. f3 f4 13. b4 Kh8 14. c5 Ng8 15. Nc4 Qh4
16. Nb5 dxc5 17. bxc5 a4 18. Qc2 Bd7 19. Rd1 c6 20. Nbd6 Nxd6 21. Nxd6 b5 22.
cxb6 cxd5 23. b7 Rad8 24. Qc7 Nf6 25. exd5 Nxd5 26. Rxd5 Be6 27. Rd1 Bb3 28.
Rf1 h5 29. Nc8 Rf5 30. Ne7 Rg5 31. Qxd8+ Kh7 32. Rxb3 Qh3 33. Qg8+ Kh6 34. Nf5+
gxf5 35. Rb6+ Bf6 36. Rxf6+ Rg6 37. Qxg6# 1-0

[Event "Politiken Cup 2007"]
[Site "Helsingor"]
[Date "2007.07.25"]
[Round "6.128"]
[White "Nielsen, Martin Skovso"]
[Black "Gasenova, Ulker"]
[Result "1-0"]
[WhiteElo "1735"]
[BlackElo "1400"]
[PlyCount "39"]
[EventDate "2007.??.??"]

1. e4 c5 2. d4 cxd4 3. c3 dxc3 4. Nxc3 e5 5. Bc4 Qb6 6. Qh5 Qf6 7. Nd5 Qc6 8.
Qxe5+ Kd8 9. Bd2 d6 10. Qd4 Qc5 11. Qd3 Nc6 12. Nf3 a6 13. b4 Qa7 14. Be3 Qb8
15. Bb6+ Kd7 16. e5 g6 17. Nc7 Nxb4 18. Qe4 Nh6 19. e6+ Kd8 20. Nxa6+ 1-0

[Event "Politiken Cup 2007"]
[Site "Helsingor"]
[Date "2007.07.25"]
[Round "6.129"]
[White "Jensen, Hans Askov"]
[Black "Jorgensen, Orla Eilegaard"]
[Result "0-1"]
[WhiteElo "1319"]
[BlackElo "1731"]
[PlyCount "98"]
[EventDate "2007.??.??"]

1. e4 d6 2. d4 Nf6 3. Nc3 g6 4. Nf3 Bg7 5. Bc4 Nbd7 6. O-O c6 7. Bf4 b5 8. Bb3
a5 9. a4 b4 10. e5 Nh5 11. Ne2 Nxf4 12. Nxf4 dxe5 13. dxe5 Qc7 14. e6 Qxf4 15.
exd7+ Bxd7 16. Rb1 Rd8 17. Qe2 e6 18. Rfe1 O-O 19. Ne5 c5 20. Nxd7 Rxd7 21. Qb5
Rd2 22. Re2 Rxe2 23. Qxe2 Bxb2 24. Qb5 Bd4 25. Rf1 Qc7 26. Kh1 Rc8 27. Qc4 Qf4
28. Qa6 Qc7 29. f4 c4 30. Ba2 Be3 31. h4 Bxf4 32. Rxf4 Qxf4 33. Qxc8+ Kg7 34.
Qxc4 Qxc4 35. Bxc4 Kf6 36. g4 Ke5 37. Kg2 Kf4 38. Kh3 Ke3 39. h5 Kd2 40. Bb3 e5
41. Kg3 e4 42. Bxf7 e3 43. Bc4 e2 44. Bxe2 Kxe2 45. Kf4 Kd2 46. Kg5 Kxc2 47.
Kh6 gxh5 48. gxh5 b3 49. Kxh7 b2 0-1

[Event "Politiken Cup 2007"]
[Site "Helsingor"]
[Date "2007.07.25"]
[Round "6.130"]
[White "Wilhelm, Holger"]
[Black "Edwardsson, Hannu Kalervo"]
[Result "1-0"]
[WhiteElo "1690"]
[BlackElo "1300"]
[PlyCount "85"]
[EventDate "2007.??.??"]

1. d4 e6 2. Nf3 Nf6 3. c4 Be7 4. Nc3 O-O 5. Bf4 h6 6. e3 d6 7. Bd3 Nbd7 8. Rc1
b6 9. a3 Bb7 10. Bb1 e5 11. dxe5 dxe5 12. Nxe5 Nxe5 13. Bxe5 Qxd1+ 14. Rxd1 c5
15. f3 Rfd8 16. Ke2 Rxd1 17. Rxd1 Rd8 18. Rxd8+ Bxd8 19. e4 Ne8 20. Nd5 Ba6 21.
Bd3 Bb7 22. Kd2 f6 23. Bg3 Kf7 24. Bb8 a6 25. Bg3 Bc6 26. Kc3 a5 27. b4 axb4+
28. axb4 cxb4+ 29. Kxb4 g6 30. Bf2 Nc7 31. Nxb6 Na6+ 32. Kc3 Bxb6 33. Bxb6 Nb8
34. c5 Nd7 35. Kb4 Ne5 36. Bb5 Bb7 37. Bc7 Ng4 38. fxg4 Bxe4 39. g3 Bf3 40. h3
f5 41. gxf5 gxf5 42. Ka5 h5 43. h4 1-0

[Event "Politiken Cup 2007"]
[Site "Helsingor"]
[Date "2007.07.25"]
[Round "6.131"]
[White "Christiansen, Torsten Sundgaard"]
[Black "Kristensen, Steffen Michael"]
[Result "1-0"]
[WhiteElo "1658"]
[BlackElo "1250"]
[PlyCount "75"]
[EventDate "2007.??.??"]

1. d4 d5 2. e3 Bf5 3. Nf3 e6 4. c4 Bb4+ 5. Nc3 c6 6. Bd2 Bxc3 7. Bxc3 Nf6 8.
Bd3 Bg6 9. Ne5 Qc7 10. Rc1 Nbd7 11. Nxd7 Nxd7 12. cxd5 exd5 13. Bb4 Nf6 14. h3
Ne4 15. Qf3 O-O-O 16. a4 Qb6 17. Ba3 Qb3 18. Bc2 Qc4 19. b3 Qc3+ 20. Ke2 Qd2+
21. Kf1 h5 22. Kg1 Nc3 23. Bf5+ Bxf5 24. Qxf5+ Rd7 25. Rc2 g6 26. Qxd7+ Kxd7
27. Rxd2 Nb1 28. Ra2 Nc3 29. Rc2 Ne4 30. g4 hxg4 31. hxg4 Rxh1+ 32. Kxh1 f5 33.
gxf5 gxf5 34. Kg2 Ke6 35. f3 Nf6 36. Kg3 Kf7 37. Kf4 Ke6 38. Rh2 1-0

[Event "Politiken Cup 2007"]
[Site "Helsingor"]
[Date "2007.07.25"]
[Round "6.132"]
[White "Zmylon, Frederik Nielsen"]
[Black "Madsen, Tobias Juul"]
[Result "1/2-1/2"]
[WhiteElo "1174"]
[BlackElo "1651"]
[PlyCount "56"]
[EventDate "2007.??.??"]

1. d4 Nf6 2. Bg5 Ne4 3. Bf4 d5 4. e3 e6 5. f3 Nd6 6. Nc3 Nc6 7. Bb5 Bd7 8. Nge2
Be7 9. g3 a6 10. Bxc6 Bxc6 11. Qd3 Qd7 12. e4 Bb5 13. Nxb5 Qxb5 14. Qxb5+ axb5
15. exd5 exd5 16. Nc3 c6 17. a4 bxa4 18. Rxa4 Rxa4 19. Nxa4 g5 20. Bd2 Nb5 21.
c3 Kd8 22. h4 Re8 23. Kf2 h6 24. hxg5 hxg5 25. Rh5 f6 26. Nc5 Kc7 27. Rh7 b6
28. Ne6+ Kd6 1/2-1/2

[Event "Politiken Cup 2007"]
[Site "Helsingor"]
[Date "2007.07.25"]
[Round "6.133"]
[White "Percivaldi, Martin"]
[Black "Baldursson, Gestur"]
[Result "0-1"]
[WhiteElo "1000"]
[BlackElo "1625"]
[PlyCount "118"]
[EventDate "2007.??.??"]

1. d4 d5 2. c4 Nf6 3. cxd5 Nxd5 4. e4 Nb6 5. Nf3 Bg4 6. Bb5+ N8d7 7. Nc3 e6 8.
h3 Bh5 9. Bf4 a6 10. Be2 Be7 11. Rc1 Bxf3 12. Bxf3 Bg5 13. Qd2 Nc4 14. Bxg5
Nxd2 15. Bxd8 Nxf3+ 16. gxf3 Rxd8 17. Ne2 c6 18. Rg1 g6 19. e5 Nb6 20. Kd2 Ke7
21. Kd3 Rc8 22. b4 Nd5 23. a3 Ra8 24. Ng3 Nf4+ 25. Ke3 Nxh3 26. f4 Nxg1 27.
Rxg1 a5 28. Ne4 axb4 29. axb4 Ra3+ 30. Ke2 Rha8 31. Nc5 Ra2+ 32. Kf3 R8a7 33.
Rb1 R2a3+ 34. Ke4 Kd8 35. b5 cxb5 36. Rxb5 Kc7 37. d5 b6 38. Nd3 R7a4+ 39. Ke3
Ra5 40. d6+ Kc6 41. Rb1 Rd5 42. Rd1 Raxd3+ 43. Rxd3 Rxd3+ 44. Kxd3 h5 45. Ke3
h4 46. Kf3 b5 47. Kg4 b4 48. Kxh4 b3 49. Kg5 b2 50. Kf6 b1=Q 51. Kxf7 Kd7 52.
Kf6 Qf5+ 53. Kg7 Qxf4 54. Kxg6 Qxe5 55. f3 Qxd6 56. Kg5 Qe5+ 57. Kg4 Ke7 58. f4
Qe4 59. Kg5 Kf7 0-1

[Event "Politiken Cup 2007"]
[Site "Helsingor"]
[Date "2007.07.25"]
[Round "6.135"]
[White "Braüner, Jonathan"]
[Black "Larsen, Alex"]
[Result "1-0"]
[WhiteElo "1284"]
[BlackElo "1336"]
[PlyCount "43"]
[EventDate "2007.??.??"]

1. e4 c5 2. Nf3 Nc6 3. d4 cxd4 4. Nxd4 g6 5. Nc3 a6 6. Be3 Bg7 7. Bc4 Nxd4 8.
Bxd4 f6 9. O-O e6 10. f4 Nh6 11. Qd3 O-O 12. Bc5 Re8 13. f5 Nf7 14. Qh3 g5 15.
Rad1 Qc7 16. Ba3 Qxc4 17. Qh5 e5 18. Rf3 Bh6 19. Nd5 Qc6 20. Be7 Qxc2 21. Rc3
Qxe4 22. Nxf6+ 1-0

[Event "Politiken Cup 2007"]
[Site "Helsingor"]
[Date "2007.07.25"]
[Round "7.4"]
[White "Berg, Emanuel"]
[Black "Ivanov, Mikhail M"]
[Result "1-0"]
[WhiteElo "2580"]
[BlackElo "2455"]
[PlyCount "55"]
[EventDate "2007.??.??"]

1. e4 c5 2. Nf3 Nc6 3. d4 cxd4 4. Nxd4 Nf6 5. Nc3 e6 6. Ndb5 Bb4 7. a3 Bxc3+ 8.
Nxc3 d5 9. exd5 exd5 10. Bd3 O-O 11. O-O d4 12. Ne2 Re8 13. h3 h6 14. b4 a5 15.
Rb1 axb4 16. axb4 Nd5 17. Qd2 Qh4 18. Rb3 Re5 19. b5 Nce7 20. Nxd4 Rg5 21. f4
Rg3 22. Qf2 Bxh3 23. Be4 Bxg2 24. Bxg2 Rxg2+ 25. Qxg2 Ra4 26. Bb2 Qf6 27. Nf5
Qb6+ 28. Bd4 1-0

[Event "Politiken Cup 2007"]
[Site "Helsingor"]
[Date "2007.07.25"]
[Round "7.5"]
[White "Hillarp Persson, Tiger"]
[Black "Antonsen, Mikkel"]
[Result "1-0"]
[WhiteElo "2568"]
[BlackElo "2406"]
[PlyCount "97"]
[EventDate "2007.??.??"]

1. e4 e6 2. d4 d5 3. Nc3 Bb4 4. e5 c5 5. a3 Bxc3+ 6. bxc3 Ne7 7. Qg4 O-O 8. Bd3
Nbc6 9. Qh5 Ng6 10. Nf3 Qc7 11. Be3 c4 12. Bxg6 fxg6 13. Qg4 Qf7 14. Ng5 Qe8
15. h4 Bd7 16. a4 Rb8 17. Bc1 b5 18. axb5 Rxb5 19. Ba3 Ra5 20. f3 h6 21. Nh3
Qf7 22. Kd2 Rb8 23. Nf4 Kh7 24. h5 gxh5 25. Nxh5 Qg6 26. Qxg6+ Kxg6 27. g4 Kf7
28. f4 Kg8 29. Bd6 Rxa1 30. Rxa1 Rb2 31. Rf1 Be8 32. Ng3 Nd8 33. Ra1 Rb7 34.
Bc5 Nc6 35. f5 Bf7 36. Ra6 Rc7 37. Bd6 Rc8 38. Ra1 g6 39. Rh1 Kh7 40. fxg6+
Bxg6 41. g5 Nd8 42. Rxh6+ Kg7 43. Be7 Nc6 44. Bf6+ Kf7 45. Ne2 Rg8 46. Nf4 Bf5
47. g6+ Bxg6 48. Nxg6 Rxg6 49. Rh7+ 1-0

[Event "Politiken Cup 2007"]
[Site "Helsingor"]
[Date "2007.07.25"]
[Round "7.7"]
[White "Bulski, Krzysztof"]
[Black "Agrest, Evgenij"]
[Result "1/2-1/2"]
[WhiteElo "2396"]
[BlackElo "2541"]
[PlyCount "66"]
[EventDate "2007.??.??"]

1. e4 c5 2. Nf3 d6 3. d4 cxd4 4. Nxd4 Nf6 5. Nc3 g6 6. f3 Bg7 7. Be3 a6 8. Qd2
Nbd7 9. Bh6 Bxh6 10. Qxh6 b5 11. g4 Bb7 12. O-O-O Rc8 13. g5 Nh5 14. Bh3 Rc4
15. Nd5 Bxd5 16. exd5 Ne5 17. Nc6 Nxc6 18. dxc6 Rxc6 19. Bg4 Nf4 20. Qg7 Rf8
21. Kb1 Qc7 22. Rd2 d5 23. Re1 e6 24. Qf6 Rg8 25. Re5 Nh5 26. Bxh5 gxh5 27. f4
Qe7 28. Qh6 f6 29. Re1 Qf7 30. Rxd5 Qg6 31. Qxg6+ hxg6 32. Rd4 Ke7 33. Red1 Rc7
1/2-1/2

[Event "Politiken Cup 2007"]
[Site "Helsingor"]
[Date "2007.07.25"]
[Round "7.8"]
[White "Olsen, Heini"]
[Black "Schandorff, Lars"]
[Result "1/2-1/2"]
[WhiteElo "2350"]
[BlackElo "2521"]
[PlyCount "58"]
[EventDate "2007.??.??"]

1. c4 e6 2. Nf3 Nf6 3. g3 d5 4. d4 dxc4 5. Qa4+ c6 6. Qxc4 b5 7. Qd3 Bb7 8. Bg2
Nbd7 9. O-O a6 10. a4 b4 11. a5 c5 12. Bg5 Be7 13. Nbd2 O-O 14. Rfc1 Rc8 15.
Ne1 Bxg2 16. Nxg2 Rc6 17. Nb3 Qc8 18. dxc5 Nxc5 19. Nxc5 Rxc5 20. Rxc5 Qxc5 21.
Be3 Qc6 22. Rc1 Qb7 23. Qc4 Nd5 24. Qc6 Qxc6 25. Rxc6 Ra8 26. Bd4 Bd8 27. Bb6
Nxb6 28. axb6 Rb8 29. b7 Rxb7 1/2-1/2